[Event "World Blitz 2023"]
[Site "Samarkand UZB"]
[Date "2023.12.30"]
[Round "20.42"]
[White "Grigoriants, Sergey"]
[Black "Saydaliev, Saidakbar"]
[Result "0-1"]
[WhiteElo "2532"]
[BlackElo "2323"]
[EventDate "2023.12.29"]

1. e4 e5 2. Nf3 Nc6 3. Bc4 Nf6 4. d3 Bc5 5. Nc3 h6 6. O-O a6 7. a3 d6 8.
Be3 O-O 9. b4 Bxe3 10. fxe3 Be6 11. Nd2 d5 12. exd5 Nxd5 13. Nxd5 Bxd5 14.
Qg4 Ne7 15. Rf2 b5 16. Bb3 a5 17. Raf1 a4 18. Bxd5 Qxd5 19. Qg3 Ra6 20. e4
Qd4 21. Nf3 Qd6 22. Qxe5 Qd7 23. Qc5 f6 24. Nd4 Rb8 25. e5 Qd5 26. exf6
Qxc5 27. bxc5 gxf6 28. Rxf6 Rxf6 29. Rxf6 b4 30. axb4 Rxb4 31. c3 0-1

[Event "World Blitz 2023"]
[Site "Samarkand UZB"]
[Date "2023.12.30"]
[Round "20.43"]
[White "Gokerkan, Cem Kaan"]
[Black "Petrov, Nikita"]
[Result "0-1"]
[WhiteElo "2365"]
[BlackElo "2521"]
[EventDate "2023.12.29"]

1. e4 e5 2. Nf3 Nc6 3. Bc4 Bc5 4. c3 Nf6 5. d4 exd4 6. b4 Be7 7. e5 Ng4 8.
cxd4 d5 9. Bb5 Bxb4+ 10. Nbd2 O-O 11. O-O Bc3 12. Bxc6 Bxa1 13. Ba4 Bc3 14.
Nb1 Bb4 0-1

[Event "World Blitz 2023"]
[Site "Samarkand UZB"]
[Date "2023.12.30"]
[Round "20.44"]
[White "Jumabayev, Rinat"]
[Black "Kazhgaleyev, Murtas"]
[Result "1/2-1/2"]
[WhiteElo "2561"]
[BlackElo "2488"]
[EventDate "2023.12.29"]

1. Nf3 d6 2. d4 Nf6 3. g3 Nbd7 4. c4 e5 5. Nc3 c6 6. Qc2 g6 7. Bg2 Bg7 8.
O-O O-O 9. Rd1 Re8 10. e4 Qb6 11. Na4 Qa6 12. b3 b5 13. Nb2 Bb7 14. dxe5
dxe5 15. Be3 c5 16. cxb5 Qxb5 17. Nd2 Red8 18. Ndc4 Qc6 19. Rd6 Qc7 20.
Rad1 Bf8 21. R6d2 Be7 22. h3 Nf8 1/2-1/2

[Event "World Blitz 2023"]
[Site "Samarkand UZB"]
[Date "2023.12.30"]
[Round "20.45"]
[White "Vetokhin, Savva"]
[Black "Ganguly, Surya Shekhar"]
[Result "1-0"]
[WhiteElo "2483"]
[BlackElo "2549"]
[EventDate "2023.12.29"]

1. d4 Nf6 2. c4 e6 3. Nf3 d5 4. Nc3 c5 5. cxd5 Nxd5 6. e4 Nxc3 7. bxc3 cxd4
8. cxd4 Bb4+ 9. Bd2 Bxd2+ 10. Qxd2 O-O 11. Bc4 Nd7 12. O-O b6 13. Rfe1 Bb7
14. Rad1 Rc8 15. Bd3 h6 16. h3 Nf6 17. Bb1 Qc7 18. Rc1 Qe7 19. Qe3 Rc7 20.
Rxc7 Qxc7 21. Rc1 Qe7 22. Qf4 Qb4 23. Kh2 Qb2 24. Qd2 Qxd2 25. Nxd2 Rd8 26.
Rc7 Rxd4 27. Rxb7 Rxd2 28. Rb8+ Kh7 29. e5+ g6 30. exf6 Rb2 31. Be4 Rxf2
32. Bf3 Rxa2 33. Rf8 h5 34. Rxf7+ Kh6 35. Rf8 Kg5 36. h4+ Kf5 37. Kg3 Rc2
38. f7 Rc7 39. Bc6 1-0

[Event "World Blitz 2023"]
[Site "Samarkand UZB"]
[Date "2023.12.30"]
[Round "20.46"]
[White "Demchenko, Anton"]
[Black "Rojas Salas, Steven"]
[Result "1-0"]
[WhiteElo "2545"]
[BlackElo "2210"]
[EventDate "2023.12.29"]

1. e4 c5 2. Nf3 e6 3. g3 d5 4. d3 Nf6 5. Qe2 Be7 6. Bg2 O-O 7. O-O Nc6 8.
e5 Nd7 9. c4 Re8 10. Re1 Nf8 11. h4 h6 12. Nc3 b6 13. h5 Bb7 14. Bf4 Nh7
15. cxd5 exd5 16. e6 Bf6 17. exf7+ Kxf7 18. Qc2 Nb4 19. Qd2 Kg8 20. Nb5 Bc6
21. Rxe8+ Bxe8 22. Nc7 Rc8 23. Nxe8 Qxe8 24. Bh3 Rd8 25. Bg4 Nf8 26. Re1
Qf7 27. d4 Nc6 28. dxc5 bxc5 29. b3 Nd4 30. Nxd4 Bxd4 31. Qe2 Kh8 32. Kg2
a5 33. Qf3 Nh7 34. Be6 Qf8 35. Bxd5 Nf6 36. Bc4 Re8 37. Rxe8 Qxe8 38. g4
Qe4 39. Qxe4 Nxe4 40. f3 Nc3 41. a4 Nd1 42. Bc7 Ne3+ 43. Kh3 Bc3 44. Bb6
Bb4 45. Kg3 Nc2 46. Kf4 Nd4 47. Ke4 g6 48. hxg6 Kg7 49. Bf7 Nc6 50. Bc7 Bc3
51. Kd5 Ne7+ 52. Kxc5 Bb4+ 53. Kb5 Nc8 54. Be5+ Kf8 55. Be6 Nd6+ 56. Kc6
Ne8 57. f4 Ng7 58. Bd5 h5 59. gxh5 Nf5 60. Kb5 Ne7 61. g7+ Ke8 62. g8=Q+
Nxg8 63. Bxg8 1-0

[Event "World Blitz 2023"]
[Site "Samarkand UZB"]
[Date "2023.12.30"]
[Round "20.47"]
[White "Zeng, Chongsheng"]
[Black "Zhalmakhanov, Ramazan"]
[Result "1-0"]
[WhiteElo "2504"]
[BlackElo "2427"]
[EventDate "2023.12.29"]

1. e3 c5 2. b3 d5 3. Bb2 a6 4. Nf3 Nc6 5. d4 Bg4 6. Be2 Nf6 7. Nbd2 e6 8.
h3 Bh5 9. O-O Rc8 10. c4 cxd4 11. Nxd4 Bxe2 12. Qxe2 Nxd4 13. Bxd4 Bc5 14.
Bxf6 Qxf6 15. cxd5 exd5 16. Qd3 O-O 17. Rfd1 Rfd8 18. Rac1 g6 19. Rc2 Qe7
20. Rdc1 Rc6 21. Nf3 Qd6 22. Rd1 a5 23. Qe2 Qe7 24. Qb5 Qc7 25. Rcd2 Bb4
26. Rd4 Rc1 27. Qd3 Qc2 28. a4 Rxd1+ 29. Qxd1 Qxd1+ 30. Rxd1 Rc8 31. Rxd5
Rc1+ 32. Kh2 Rc2 33. Kg3 Rb2 34. Rd3 Kg7 35. e4 Bc5 36. Nd2 b6 37. f4 Rc2
38. Kf3 h5 39. g4 h4 40. e5 Rc1 41. Ke4 Re1+ 42. Kd5 Bb4 43. Nf3 Rf1 44.
Ke4 Bc5 45. Nxh4 Re1+ 46. Kd5 Rf1 47. Nf3 Rh1 48. Ng5 Rf1 49. Rf3 Rd1+ 50.
Kc4 Rd4+ 51. Kb5 Rb4+ 52. Kc6 Kg8 53. f5 gxf5 54. gxf5 Rh4 55. e6 fxe6 56.
Nxe6 Rh6 57. Kd5 Bb4 58. f6 Kf7 59. Ng5+ Kg6 60. Ne4 Rh4 61. f7 Kg7 62. Ng5
Rh5 63. Rf5 Kg6 64. f8=Q Bxf8 65. Rxf8 Rxg5+ 66. Kc4 Rc5+ 67. Kd4 Rh5 68.
Rb8 Rh4+ 69. Kc3 Rb4 70. Rd8 Kf7 71. Rd4 1-0

[Event "World Blitz 2023"]
[Site "Samarkand UZB"]
[Date "2023.12.30"]
[Round "20.48"]
[White "Amar, Elham"]
[Black "Khusnutdinov, Rustam"]
[Result "1/2-1/2"]
[WhiteElo "2470"]
[BlackElo "2499"]
[EventDate "2023.12.29"]

1. e4 d5 2. exd5 Qxd5 3. Nf3 Nf6 4. d4 g6 5. c4 Qd8 6. Nc3 Bg7 7. Be2 O-O
8. O-O Bg4 9. h3 Bxf3 10. Bxf3 c6 11. Re1 Nbd7 12. Bf4 Re8 13. Qb3 Qb6 14.
c5 Qxb3 15. axb3 e6 16. b4 a6 17. Rad1 Nd5 18. Nxd5 exd5 19. Be3 Nf8 20.
Rd2 Re7 21. Red1 Rae8 22. Kf1 Ne6 23. g3 f5 24. Rd3 f4 25. Bc1 Nxd4 26.
Bxf4 Nxf3 27. Rxf3 Bxb2 28. Rb3 Bf6 29. Bd2 Re4 30. Be1 Rc4 31. Rf3 Kg7 32.
h4 h5 33. Bd2 Bd8 34. Bc3+ Kg8 35. Rdd3 Rce4 36. Kg2 Bc7 37. Rf6 R4e6 38.
Rdf3 Bd8 39. Rf7 R6e7 40. R7f6 Re6 41. Rf7 R6e7 42. R7f6 Re6 43. R6f4 Bc7
44. Rf7 R6e7 45. R7f6 Re6 46. Rf7 R6e7 47. R7f6 Re6 48. Rf7 1/2-1/2

[Event "World Blitz 2023"]
[Site "Samarkand UZB"]
[Date "2023.12.30"]
[Round "20.49"]
[White "Xiu, Deshun"]
[Black "Zverev, Lev"]
[Result "1-0"]
[WhiteElo "2493"]
[BlackElo "2299"]
[EventDate "2023.12.29"]

1. d4 Nf6 2. c4 e6 3. Nf3 d5 4. Nc3 Bb4 5. Qa4+ Nc6 6. e3 O-O 7. Qc2 Re8 8.
Bd2 Bf8 9. a3 h6 10. Rd1 b6 11. Be2 Bb7 12. O-O g6 13. Rc1 Bg7 14. Rfd1 Qe7
15. b4 Rad8 16. Qb3 Nb8 17. a4 Nbd7 18. cxd5 Nxd5 19. Nxd5 Bxd5 20. Qa3 c5
21. bxc5 bxc5 22. dxc5 Rb8 23. Bc3 Rb3 24. Qa1 Rxc3 25. Rxc3 Nxc5 26. Nd4
Ne4 27. Rcc1 Qh4 28. g3 Qh3 29. Bf1 Qh5 30. Bg2 Ng5 31. h4 Nf3+ 32. Kf1
Nh2+ 33. Kg1 Nf3+ 34. Kf1 Qg4 35. Qa3 Nxd4 36. exd4 Bxd4 37. Bxd5 exd5 38.
Kg2 Bxf2 39. Qf3 Qxf3+ 40. Kxf3 Be3 41. Rc7 Bb6 42. Rd7 Re3+ 43. Kg2 Re2+
44. Kh3 Ra2 45. Rf1 Bf2 46. Rxd5 h5 47. Rd3 f6 48. Rd7 Be3 49. Rb1 Bb6 50.
Rc1 1-0

[Event "World Blitz 2023"]
[Site "Samarkand UZB"]
[Date "2023.12.30"]
[Round "20.50"]
[White "Gorovets, Andrey"]
[Black "Chanda, Sandipan"]
[Result "0-1"]
[WhiteElo "2418"]
[BlackElo "2490"]
[EventDate "2023.12.29"]

1. Nf3 f5 2. d3 Nc6 3. d4 e6 4. g3 Nf6 5. Bg2 Be7 6. c4 d6 7. b3 O-O 8. Bb2
Ne4 9. O-O Bf6 10. Nc3 Bd7 11. Rc1 Be8 12. d5 exd5 13. cxd5 Nb4 14. Nd4
Nxc3 15. Rxc3 Bf7 16. Nxf5 Nxa2 17. Rc2 Nb4 18. Rc4 Nxd5 19. Qd2 Bxb2 20.
Qxb2 Nf6 21. Rf4 d5 22. Rd1 c6 23. e4 Kh8 24. Nxg7 Kxg7 25. e5 Bg6 26. Re1
Ng8 27. e6+ Rf6 28. e7 Qd6 29. Bh3 Bf7 30. Qd4 Re8 31. Rg4+ Bg6 32. Rf4
Rxe7 0-1

[Event "World Blitz 2023"]
[Site "Samarkand UZB"]
[Date "2023.12.30"]
[Round "20.51"]
[White "Urazayev, Arystanbek"]
[Black "Bologan, Victor"]
[Result "0-1"]
[WhiteElo "2408"]
[BlackElo "2489"]
[EventDate "2023.12.29"]

1. e4 c5 2. Nf3 d6 3. d4 cxd4 4. Nxd4 Nf6 5. Nc3 a6 6. Rg1 g6 7. g4 Bg7 8.
g5 Nfd7 9. Be3 b5 10. a3 Bb7 11. h4 h5 12. gxh6 Bxh6 13. Bxh6 Rxh6 14. Qg4
Nf6 15. Qg3 e5 16. Nb3 Nxe4 17. Nxe4 Bxe4 18. O-O-O Qxh4 19. Qxh4 Rxh4 20.
Rxd6 Nd7 21. Rxd7 Kxd7 22. Nc5+ Ke7 23. Nxe4 Rxe4 24. Bg2 Rg4 0-1

[Event "World Blitz 2023"]
[Site "Samarkand UZB"]
[Date "2023.12.30"]
[Round "20.52"]
[White "Bilguun, Sumiya"]
[Black "Kobalia, Mikhail"]
[Result "1-0"]
[WhiteElo "2407"]
[BlackElo "2558"]
[EventDate "2023.12.29"]

1. e4 c5 2. Nf3 e6 3. d4 cxd4 4. Nxd4 Nc6 5. Nc3 a6 6. Nxc6 bxc6 7. Bd3 d5
8. O-O Nf6 9. Qe2 Be7 10. b3 O-O 11. Bb2 Bb7 12. Na4 Qc7 13. e5 Nd7 14. c4
Nb6 15. Nc3 a5 16. cxd5 cxd5 17. Nb5 Qd8 18. Rac1 a4 19. Bd4 Nd7 20. bxa4
g6 21. Rc7 Ba6 22. Rfc1 Rc8 23. Rxc8 Bxc8 24. Qd2 Ba6 25. Rc6 Nb8 26. Rc2
Nd7 27. g3 Qb8 28. Qa5 Bxb5 29. Qxb5 Rd8 30. Qxb8 Nxb8 31. a5 Kg7 32. a6
Nxa6 33. Bxa6 Ra8 34. Bb5 Ra3 35. Rc7 Kf8 36. Ra7 1-0

[Event "World Blitz 2023"]
[Site "Samarkand UZB"]
[Date "2023.12.30"]
[Round "20.53"]
[White "Pichot, Alan"]
[Black "Chinguun, Sumiya"]
[Result "1-0"]
[WhiteElo "2592"]
[BlackElo "2200"]
[EventDate "2023.12.29"]

1. Nf3 Nf6 2. b3 b6 3. g3 Bb7 4. Bg2 g6 5. Bb2 Bg7 6. c4 c5 7. O-O O-O 8.
d4 cxd4 9. Nxd4 Bxg2 10. Kxg2 d5 11. Na3 Re8 12. Rc1 e5 13. Nf3 d4 14. e3
dxe3 15. fxe3 Nc6 16. Nb5 e4 17. Ng5 Qxd1 18. Rcxd1 Ng4 19. Bc1 f5 20. Nc7
Nb4 21. Nxa8 Rxa8 22. Rd7 Ne5 23. Rb7 Ned3 24. Bd2 Nxa2 25. g4 Nc5 26. Rc7
Rd8 27. Be1 h6 28. Nf7 Rd1 29. gxf5 gxf5 30. Rxa7 Nc1 31. Bg3 Rd2+ 32. Kh3
Rd3 33. Rxf5 Rxe3 34. Kg4 Ne6 35. Kh5 Nd3 36. Re7 Nf8 37. Nxh6+ Bxh6 38.
Kxh6 Re2 39. Rg7+ 1-0

[Event "World Blitz 2023"]
[Site "Samarkand UZB"]
[Date "2023.12.30"]
[Round "20.54"]
[White "Savchenko, Boris"]
[Black "Mustafaev, Jamshid"]
[Result "1-0"]
[WhiteElo "2513"]
[BlackElo "2323"]
[EventDate "2023.12.29"]

1. e4 c5 2. Nf3 d6 3. d4 cxd4 4. Nxd4 Nf6 5. Nc3 a6 6. Bg5 e6 7. f4 b5 8.
e5 dxe5 9. fxe5 Qc7 10. Qe2 Nfd7 11. O-O-O Bb7 12. Bf4 Nc6 13. Nxc6 Qxc6
14. Qg4 g6 15. Bd3 Bg7 16. Be4 Qc8 17. Qf3 Rb8 18. h4 b4 19. Bxb7 Qxb7 20.
Ne4 O-O 21. h5 Nxe5 22. Bxe5 Bxe5 23. Nf6+ Kg7 24. h6+ Kh8 25. Nd7 Qxf3 26.
gxf3 Bf4+ 27. Kb1 Rbc8 28. Nxf8 Rxf8 29. Rd4 e5 30. Rxb4 g5 31. a4 f5 32.
Rg1 Rg8 33. a5 g4 34. fxg4 fxg4 35. Rg2 g3 36. Rb6 Be3 37. Rxa6 Bf2 38. Re6
Rf8 39. Rxe5 Kg8 40. Rg5+ Kh8 41. c3 Rf6 42. b4 Rxh6 43. R5xg3 1-0

[Event "World Blitz 2023"]
[Site "Samarkand UZB"]
[Date "2023.12.30"]
[Round "20.55"]
[White "Suleymenov, Alisher"]
[Black "Nasuta, Grzegorz"]
[Result "1-0"]
[WhiteElo "2326"]
[BlackElo "2467"]
[EventDate "2023.12.29"]

1. d4 d5 2. c4 c6 3. Nf3 Nf6 4. Nc3 e6 5. e3 Nbd7 6. Be2 Bd6 7. O-O O-O 8.
b3 b6 9. Bb2 Bb7 10. Bd3 Re8 11. Re1 a6 12. Rc1 h6 13. h3 Qe7 14. e4 dxc4
15. bxc4 e5 16. d5 Ba3 17. Qb3 Bxb2 18. Qxb2 Rab8 19. a4 a5 20. Rcd1 Rec8
21. Bf1 Ba6 22. dxc6 Rxc6 23. Nd5 Qe6 24. Nxf6+ Nxf6 25. Nxe5 Rcc8 26. f4
Re8 27. Qf2 Bb7 28. Rd4 Qe7 29. Bd3 Qa3 30. Bc2 Qc3 31. Rd3 Qb4 32. Rb1 Qe7
33. Rd4 Rbd8 34. Rxb6 Rxd4 35. Qxd4 Rd8 36. Rxb7 Rxd4 37. Rxe7 Rd2 38. Bd3
Nh5 39. Rxf7 Ng3 40. c5 h5 41. c6 h4 42. c7 Rd1+ 43. Kf2 Rc1 44. Rd7 Kh7
45. Nc4 1-0

[Event "World Blitz 2023"]
[Site "Samarkand UZB"]
[Date "2023.12.30"]
[Round "20.56"]
[White "Seemann, Jakub"]
[Black "Galchenko, Matvey"]
[Result "0-1"]
[WhiteElo "2332"]
[BlackElo "2424"]
[EventDate "2023.12.29"]

1. Nf3 c5 2. e4 g6 3. Bc4 Bg7 4. c3 e6 5. d4 cxd4 6. Bb3 d5 7. exd5 exd5 8.
Nxd4 Ne7 9. O-O O-O 10. Nd2 Nbc6 11. N2f3 Bg4 12. h3 Nxd4 13. hxg4 Nxb3 14.
Qxb3 Qd7 15. g5 Nc6 16. Be3 Na5 17. Qc2 Nc4 18. Bd4 Bxd4 19. Nxd4 Qg4 20.
b3 Nd6 21. Qc1 Rac8 22. Re1 Rfe8 23. Rxe8+ Rxe8 24. f3 Qg3 25. Qd2 Re5 26.
Ne2 Qxg5 27. f4 Qh6 28. Ng3 Nf5 29. Nxf5 Rxf5 30. Rf1 Rh5 31. Qd4 Rh1+ 32.
Kf2 Qh4+ 33. Ke2 Qg4+ 34. Kf2 Rh2 35. Qxd5 Qxf4+ 36. Kg1 Rh1+ 37. Kxh1
Qxf1+ 38. Kh2 Qf4+ 39. Kh1 Qh6+ 40. Kg1 Qe3+ 41. Kh1 Qe7 42. c4 b6 43. Qd4
h5 44. a4 Kh7 45. Qf4 Kg7 46. Qd4+ f6 47. g3 g5 48. Kg2 Qe2+ 49. Kg1 Qe6
50. Kg2 Kg6 51. a5 Qe2+ 52. Kg1 Qe1+ 53. Kg2 Qxa5 54. Qd7 Qa2+ 55. Kg1 Qb1+
56. Kh2 Qc2+ 57. Kg1 Qc1+ 58. Kg2 Qb2+ 59. Kg1 Qxb3 60. Qe8+ Kf5 61. Qd7+
Ke4 62. Qe6+ Kd3 63. Qd5+ Kc2 64. Qg2+ Kc1 65. Qc6 Qxg3+ 66. Kh1 Qh4+ 67.
Kg1 Qd4+ 68. Kh1 a5 69. c5 Qxc5 70. Qe4 Kb2 71. Qe2+ Kb3 72. Qe6+ Kb4 73.
Qxf6 a4 74. Qb2+ Ka5 75. Qd2+ Ka6 76. Qd3+ b5 77. Qg6+ Ka5 78. Qxh5 a3 79.
Qf7 Qc1+ 80. Kg2 Qc2+ 81. Kg1 a2 82. Qa7+ Kb4 83. Qd4+ Kb3 84. Qe3+ Qc3 85.
Qe6+ Ka3 86. Qd6+ b4 87. Qa6+ Kb2 88. Qe2+ Qc2 89. Qe5+ Kb1 90. Kh1 a1=Q
91. Qb2+ Kxb2# 0-1

[Event "World Blitz 2023"]
[Site "Samarkand UZB"]
[Date "2023.12.30"]
[Round "20.57"]
[White "Begmuratov, Khumoyun"]
[Black "Ansat, Aldiyar"]
[Result "1-0"]
[WhiteElo "2276"]
[BlackElo "2404"]
[EventDate "2023.12.29"]

1. e4 c5 2. Nf3 Nc6 3. d4 cxd4 4. Nxd4 Nf6 5. Nc3 e5 6. Ndb5 d6 7. Bg5 a6
8. Na3 b5 9. Nd5 Be7 10. Bxf6 Bxf6 11. c3 Bg5 12. g3 O-O 13. Bg2 Rb8 14.
Nc2 Be6 15. O-O Ne7 16. Nde3 Bxe3 17. Nxe3 b4 18. c4 Nc6 19. b3 a5 20. Qd2
a4 21. Nc2 Qb6 22. Kh1 Ra8 23. f4 exf4 24. gxf4 Qc5 25. f5 Bd7 26. f6 Rfe8
27. Rad1 axb3 28. axb3 Ra2 29. Qxd6 Qxd6 30. Rxd6 Rxc2 31. Rxd7 Rc3 32. e5
Nd8 33. Bd5 Rxb3 34. Re7 Rf8 35. fxg7 Kxg7 36. e6 Re3 37. Rb7 Nxe6 38. Rxb4
Re2 39. Rg1+ Kf6 40. Rf1+ Ke5 41. Bf3 Rc2 42. Rb5+ Kd4 43. Rf5 Rb8 44. Rd1+
Ke3 45. Re1+ Kf2 46. Rd1 Rxc4 47. Bd5+ Rf4 48. Bxe6 Rxf5 49. Bxf5 h5 50.
Bh3 Re8 51. Rf1+ Ke2 52. Rxf7 Rb8 53. Bf1+ Ke3 54. Kg2 Rb2+ 55. Kg3 h4+ 56.
Kh3 Rb4 57. Bg2 Ra4 58. Re7+ Kf2 59. Be4 Ra1 60. Kxh4 Ra5 61. Kg4 Ke3 62.
Bf5+ Kd4 63. h4 Re5 64. Rxe5 Kxe5 65. Kg5 Kd5 1-0

[Event "World Blitz 2023"]
[Site "Samarkand UZB"]
[Date "2023.12.30"]
[Round "20.58"]
[White "Gallego Alcaraz, Andres Felipe"]
[Black "Amilal, Munkhdalai"]
[Result "0-1"]
[WhiteElo "2384"]
[BlackElo "2293"]
[EventDate "2023.12.29"]

1. d4 Nf6 2. c4 e6 3. Nf3 d5 4. g3 dxc4 5. Bg2 a6 6. Ne5 Bb4+ 7. Nc3 Nd5 8.
O-O Bxc3 9. bxc3 b5 10. Qc2 Bb7 11. a4 Nd7 12. Nxd7 Qxd7 13. Ba3 c6 14. e4
Ne7 15. f4 O-O 16. Rae1 Rfe8 17. Bh3 c5 18. Bxc5 f5 19. d5 Nxd5 20. exf5
Qc6 0-1

[Event "World Blitz 2023"]
[Site "Samarkand UZB"]
[Date "2023.12.30"]
[Round "20.59"]
[White "Markov, Mikhail"]
[Black "Fayzullaev, Akmal"]
[Result "0-1"]
[WhiteElo "2255"]
[BlackElo "2342"]
[EventDate "2023.12.29"]

1. c4 c5 2. Nf3 Nc6 3. Nc3 g6 4. g3 Bg7 5. Bg2 e6 6. O-O Nge7 7. e4 O-O 8.
d3 d6 9. Be3 Nd4 10. Qd2 Re8 11. Bg5 Bd7 12. Nxd4 cxd4 13. Ne2 b5 14. b3
Qb6 15. Bh6 e5 16. Bxg7 Kxg7 17. f4 f6 18. Rac1 bxc4 19. bxc4 Rab8 20. fxe5
dxe5 21. c5 Qb4 22. Qc2 Ba4 23. Qb1 Qxb1 24. Rxb1 Bc2 25. Rxb8 Rxb8 26. Nc1
Rc8 27. Nb3 Bxb3 28. axb3 Rxc5 29. Ra1 a5 30. Bh3 Kf7 31. Bd7 f5 32. exf5
gxf5 33. g4 fxg4 34. Bxg4 Nd5 35. Bf5 h6 36. Kf2 Ne3 37. Be4 Ng4+ 38. Kg3
Nf6 39. Bf5 Rb5 40. Kf3 Ke7 41. h4 Kd6 42. Rg1 Rxb3 43. Rg6 e4+ 44. Kf4 Ke7
45. dxe4 0-1

[Event "World Blitz 2023"]
[Site "Samarkand UZB"]
[Date "2023.12.30"]
[Round "20.60"]
[White "Rakhmatullaev, Almas"]
[Black "Sapenov, Daniyal"]
[Result "1/2-1/2"]
[WhiteElo "2218"]
[BlackElo "2289"]
[EventDate "2023.12.29"]

1. e4 c5 2. Nf3 d6 3. d4 cxd4 4. Qxd4 a6 5. Be2 Nc6 6. Qe3 g6 7. h3 Bg7 8.
O-O Nf6 9. Rd1 O-O 10. Nc3 Nd7 11. Rb1 Nde5 12. Nd5 Nxf3+ 13. Bxf3 Be6 14.
c3 Rc8 15. Qe2 Ne5 16. Be3 b5 17. Bf4 Re8 18. Bxe5 Bxe5 19. Bg4 Bxd5 20.
Rxd5 Rc7 21. Rbd1 Qb8 22. a3 Bf6 23. f4 Bg7 24. h4 Qb6+ 25. Kh1 Rc5 26. h5
Rxd5 27. Rxd5 e6 28. Rd3 Qc5 29. hxg6 hxg6 30. g3 a5 31. Qd2 Bf8 32. Kg2
Rb8 33. f5 Qe5 34. fxe6 fxe6 35. Qe2 Bg7 36. Bh3 b4 37. cxb4 axb4 38. a4 b3
39. a5 Kf7 40. a6 Qxb2 41. Rd2 Qe5 42. Qc4 d5 43. exd5 b2 44. dxe6+ Kf8 45.
e7+ Ke8 46. Qc6+ Kxe7 47. a7 b1=Q 48. axb8=Q Qbxb8 49. Rd7+ Kf8 50. Qf3+
Kg8 51. Bg4 Qf8 52. Qb3+ Kh8 53. Rd1 Qa8+ 54. Bf3 Qf8 55. Rh1+ Bh6 56. Qd3
Qef6 57. Re1 Qb2+ 58. Re2 Qbf6 59. Re4 Bg7 60. Rh4+ Bh6 61. Rg4 Kg7 62. Ra4
Bg5 63. Re4 Qb2+ 64. Re2 Qbf6 65. Re4 Q8d8 66. Qc4 Qd2+ 67. Re2 Qdd6 68.
Qe4 Qf7 69. Qg4 Bf6 70. Be4 1/2-1/2

[Event "World Blitz 2023"]
[Site "Samarkand UZB"]
[Date "2023.12.30"]
[Round "20.61"]
[White "Gharibyan, Mamikon"]
[Black "O`gorman, Tom"]
[Result "0-1"]
[WhiteElo "2444"]
[BlackElo "2288"]
[EventDate "2023.12.29"]

1. e4 e5 2. Nf3 Nc6 3. Bb5 a6 4. Ba4 Nf6 5. d3 d6 6. c3 g6 7. O-O Bg7 8.
Re1 O-O 9. Nbd2 h6 10. Nf1 Nh5 11. h3 Bd7 12. d4 Qe7 13. Bc2 Rad8 14. Ne3
Nf4 15. Nd5 Nxd5 16. exd5 Nb8 17. dxe5 dxe5 18. Nxe5 Bxe5 19. f4 Bd4+ 20.
cxd4 Qd6 21. f5 Bxf5 22. Bxh6 Bxc2 23. Bxf8 Rxf8 24. Qxc2 Nd7 25. Qb3 Nb6
26. Re5 Rd8 27. Rae1 Kg7 28. a4 a5 29. Qb5 Qb4 30. Qxb4 axb4 31. Rc1 Nxd5
32. Kf2 c6 33. g3 b3 34. Rc4 Ra8 35. Re1 Kf6 36. Ra1 Ra6 37. Ra3 b5 38. Rc5
bxa4 39. Kf3 Ke6 40. g4 g5 41. Ke4 Kd6 42. Kd3 f6 43. Rc1 Nb4+ 44. Kc4 Nc2
45. Raa1 Nxa1 46. Rxa1 a3 47. bxa3 b2 48. Rb1 Rxa3 49. Rxb2 Rxh3 50. Rf2
Ke6 51. Re2+ Kf7 52. Kc5 Rc3+ 53. Kd6 Rd3 54. Re4 Rc3 55. Re7+ Kg6 56. Re1
Rc4 57. Rd1 f5 58. gxf5+ Kxf5 59. Rf1+ Ke4 60. Rg1 Rxd4+ 61. Kxc6 Kf4 62.
Kc5 Rd2 63. Rf1+ Ke3 64. Rg1 Kf4 65. Rf1+ Kg3 66. Kc4 g4 67. Kc3 Rd8 68.
Rf7 Kg2 69. Rg7 g3 70. Rg6 Kf2 71. Rf6+ Kg1 72. Rg6 g2 73. Rg7 Rd5 74. Rg8
Kf2 75. Rf8+ Kg3 76. Rg8+ Kf3 77. Kc2 Rd4 78. Rf8+ Rf4 79. Rg8 Rg4 80. Rf8+
Ke2 81. Re8+ Kf3 82. Rf8+ Ke4 83. Re8+ Kd5 0-1

[Event "World Blitz 2023"]
[Site "Samarkand UZB"]
[Date "2023.12.30"]
[Round "20.62"]
[White "Pingin, Artem"]
[Black "Xue, Haowen"]
[Result "1-0"]
[WhiteElo "2358"]
[BlackElo "2155"]
[EventDate "2023.12.29"]

1. e4 c6 2. d4 d5 3. Nc3 dxe4 4. Nxe4 Nf6 5. Nxf6+ exf6 6. c3 Bd6 7. Bd3
O-O 8. Ne2 Re8 9. O-O Nd7 10. Bf4 Nf8 11. Qd2 Ng6 12. Bxd6 Qxd6 13. Rfe1
Be6 14. Ng3 Qf4 15. Qxf4 Nxf4 16. Bf1 f5 17. Re5 g6 18. Rae1 Kg7 19. f3 Kf6
20. Nh1 Bd7 21. Rxe8 Bxe8 22. g3 Ne6 23. Bc4 Bd7 24. Nf2 Rd8 25. Nd3 Bc8
26. Bxe6 Bxe6 27. Kf2 g5 28. b3 a5 29. Nc5 Bc8 30. Na4 Be6 31. Re5 b5 32.
Nc5 Bd5 33. Re1 a4 34. bxa4 bxa4 35. a3 Ra8 36. Rb1 g4 37. fxg4 fxg4 38.
Rb4 Bf3 39. Rxa4 Re8 40. Nd7+ Kf5 41. Ne5 Bd5 42. c4 Be4 43. Nxf7 Re6 44.
Ra5+ Kg6 45. Ne5+ 1-0

[Event "World Blitz 2023"]
[Site "Samarkand UZB"]
[Date "2023.12.30"]
[Round "20.63"]
[White "Sattarov, Bobir"]
[Black "Bakhrillaev, Bakhrom"]
[Result "1-0"]
[WhiteElo "2351"]
[BlackElo "1994"]
[EventDate "2023.12.29"]

1. e4 e5 2. Bc4 Nf6 3. Qf3 d6 4. h3 Be6 5. d3 Nbd7 6. Nc3 Be7 7. Nge2 O-O
8. O-O Bxc4 9. dxc4 Nc5 10. Ng3 Re8 11. Nf5 Bf8 12. Bg5 Ncd7 13. Nd5 c6 14.
Nxf6+ Nxf6 15. Nh6+ gxh6 16. Bxf6 1-0

[Event "World Blitz 2023"]
[Site "Samarkand UZB"]
[Date "2023.12.30"]
[Round "20.64"]
[White "Akhmedov, David"]
[Black "Drazic, Sinisa"]
[Result "1-0"]
[WhiteElo "2154"]
[BlackElo "2276"]
[EventDate "2023.12.29"]

1. e4 c5 2. Nf3 h6 3. c3 d6 4. g3 Nf6 5. Bg2 Nbd7 6. d3 Qc7 7. O-O b6 8.
Re1 Bb7 9. Nbd2 e5 10. a3 Be7 11. Nc4 O-O 12. Ne3 Rfe8 13. Nd2 Bf8 14. b4
Rad8 15. Bb2 g6 16. b5 Bg7 17. c4 Nf8 18. Nd5 Qc8 19. a4 Ne6 20. a5 Nxd5
21. cxd5 Nd4 22. a6 Ba8 23. Bxd4 exd4 24. Nc4 Qd7 25. Rb1 Re7 26. Qb3 Rde8
27. Rf1 h5 28. f4 Kh7 29. f5 f6 30. fxg6+ Kxg6 31. Rf5 Rh8 32. Rbf1 Kf7 33.
h4 Kg8 34. Bh3 Rh6 35. Kh2 Qd8 36. Qd1 Rf7 37. Rxh5 Rxh5 38. Qxh5 Re7 39.
Bf5 Kf8 40. g4 Re8 41. g5 Qe7 42. Be6 Qd8 43. Qg6 Rxe6 44. dxe6 1-0

[Event "World Blitz 2023"]
[Site "Samarkand UZB"]
[Date "2023.12.30"]
[Round "20.65"]
[White "Oro, Faustino"]
[Black "Kakabayev, Mergen"]
[Result "1-0"]
[WhiteElo "2105"]
[BlackElo "2255"]
[EventDate "2023.12.29"]

1. Nf3 Nf6 2. b3 g6 3. Bb2 Bg7 4. g3 b5 5. Bg2 Bb7 6. O-O O-O 7. c4 b4 8.
d4 d6 9. Nbd2 Nbd7 10. a3 a5 11. Qc2 c5 12. d5 Re8 13. e4 e6 14. axb4 axb4
15. Rxa8 Bxa8 16. Ra1 Bb7 17. Qd3 Nxe4 18. Nxe4 Bxb2 19. Ra7 Qb6 20. Rxb7
Qxb7 21. Nxd6 Qb8 22. Nxe8 Qxe8 23. Nd2 exd5 24. Bxd5 Qe1+ 25. Nf1 Ne5 26.
Qe4 Qxe4 27. Bxe4 Bd4 28. Kg2 Kg7 29. h3 Kf6 30. f4 Nd7 31. Kf3 h6 1-0